01420cam a2200409 4500001001400000005001700014008004100031020003100072035002800103035002700131035004100158040003200199041001300231044001100244072006500255080002100320080002100341080002300362100003600385240003700421245005900458250002000517264002700537300002300564336002600587337002900613338002900642500003300671500008200704655003100786655003000817655003200847655003100879655003000910655003300940700003700973vtls01190935320220428130520.0210906s2019 xo gr 000 f slo  a9788055170619q(viazané) aurn:nbn:sk:snk-am00fia1 aurn:nbn:sk:snk-am3iult a2CBC1E68-6A4C-40A7-B87A-86F4938BB9AD aSVKBBbslocSVKBBdSNKerda1 asloheng axocSK 7a821.111-3xAnglická próza, anglicky písaná2konspekt a821.111-3122011 a82‑311.622011 a(0:82-312.4)220111 aForsyth, Frederick,d1938-4aut14aThe day of the jackallSlovensky10aŠakalcFrederick Forsyth ; preložil Karol Dlouhý aDruhé vydanie 1aBratislavabIkarc2019 a388 stránc21 cm atextbtxt2rdacontent abez médiabn2rdamedia azväzokbnc2rdacarrier aPreložené z angličtiny aObsahuje biografické údaje o autorovi na záložke prebalu publikácie 7aanglické romány2SNKPH 7aEnglish fiction2SNKPHeng 7apolitické romány2SNKPH 7aPolitical novels2SNKPHeng 7atrilery (romány)2SNKPH 7aThrillers (novels)2SNKPHeng1 aDlouhý, Karol,d1922-19874trl